000 00629nam a22001817a 4500
005 20251108172450.0
008 250721s9999 xx 000 0 ara d
082 1 4 _aم/922.323403/حمز
100 1 _aإبن حمزة الحسيني، أبو المحاسن شمس الدين محمد...
245 1 0 _aكتاب التذكرة لمعرفة رجال الكتب العشرة /
264 1 _aالقاهرة :
_bمكتبة الخانجي،
300 _a
650 1 7 _aعلوم الحديث
650 1 7 _aالتراجم
700 1 _aعبد المطلب، رفعت فوزي
_eمحقق
942 _2ddc
_cREF
999 _c80052
_d80052